|
|
|
|
| LEADER |
00000nam0a2200000 4500 |
| 001 |
152550 |
| 005 |
20231101221628.0 |
| 010 |
|
|
|a 5060001458
|
| 035 |
|
|
|a (RuTPU)RU\TPU\book\165388
|
| 035 |
|
|
|a RU\TPU\book\42641
|
| 090 |
|
|
|a 152550
|
| 100 |
|
|
|a 20020621d2007 m y0rusy50 ca
|
| 101 |
0 |
|
|a rus
|
| 102 |
|
|
|a BY
|
| 105 |
|
|
|a a j 000zy
|
| 200 |
1 |
|
|a Задачник по гидравлике, гидромашинам и гидроприводу
|e учебное пособие для вузов
|f Б. Б. Некрасов, И. В. Фатеев, Ю. А. Беленков и др.
|g под ред. Б. Б. Некрасова
|
| 210 |
|
|
|a Минск
|c Высшая школа А
|d 2007
|
| 215 |
|
|
|a 192 с.
|c ил.
|
| 300 |
|
|
|a Авт. указ. на обороте тит. л.
|
| 330 |
|
|
|a В учебное пособие включены задачи для практических занятий, экзаменов, олимпиад; задания на расчетно-графические и курсовые работы; справочные материалы для решения задач и выполнения заданий по курсу «Гидравлика, гидромашины и гидроприводы». Задачи носят конкретный технический характер и связаны с расчетом элементов и систем гидроприводов и гидроавтоматики.
|
| 606 |
1 |
|
|a Гидравлика
|2 stltpush
|3 (RuTPU)RU\TPU\subj\6462
|9 34344
|
| 606 |
1 |
|
|a Гидравлические машины
|2 stltpush
|3 (RuTPU)RU\TPU\subj\6480
|9 34359
|
| 606 |
1 |
|
|a Гидравлические приводы
|2 stltpush
|3 (RuTPU)RU\TPU\subj\6501
|9 34377
|
| 610 |
1 |
|
|a гидромашины
|
| 610 |
1 |
|
|a гидропривод
|
| 610 |
1 |
|
|a задачи
|
| 610 |
1 |
|
|a практические пособия
|
| 610 |
1 |
|
|a учебные пособия
|
| 610 |
1 |
|
|a расчет
|
| 675 |
|
|
|a 532(076)
|v 3
|
| 675 |
|
|
|a 621.22(076)
|v 3
|
| 675 |
|
|
|a 62-82(076)
|v 3
|
| 701 |
|
1 |
|a Некрасов
|b Б. Б.
|g Борис Борисович
|
| 701 |
|
1 |
|a Фатеев
|b И. В.
|g Игорь Владимирович
|
| 701 |
|
1 |
|a Беленков
|b Ю. А.
|g Юрий Александрович
|
| 701 |
|
1 |
|a Михайлин
|b А. А.
|g Александр Александрович
|
| 701 |
|
1 |
|a Суздальцев
|b В. Е.
|g Владимир Евгеньевич
|
| 701 |
|
1 |
|a Шейпак
|b А. А.
|g Анатолий Александрович
|
| 702 |
|
1 |
|a Некрасов
|b Б. Б.
|g Борис Борисович
|4 340
|
| 801 |
|
1 |
|a RU
|b 63413507
|c 20090202
|g PSBO
|
| 801 |
|
2 |
|a RU
|b 63413507
|c 20150518
|g PSBO
|
| 900 |
|
|
|a Гидравлика
|
| 900 |
|
|
|a Гидравлика и гидравлические машины
|
| 900 |
|
|
|a Гидравлика и гидравлические машины
|
| 900 |
|
|
|a Гидравлика и гидропривод
|
| 900 |
|
|
|a Гидравлика, гидро- и пневмопривод
|
| 900 |
|
|
|a Гидравлические и пневматические системы
|
| 942 |
|
|
|c BK
|
| 959 |
|
|
|a 15/20090202
|d 40
|e 186,00
|f АНЛ:1
|f ЧЗТЛ:1
|f УФ:38
|